Nam Cao nhà văn hiện thực xuất sắc
Giới thiệu các bài viết của các nhà văn, nhà phê bình văn học phân tích tìm hiểu sâu kỹ về tài năng, phong cách nghệ thuật độc đáo của nhà văn hiện thực Nam Cao
Gespeichert in:
| Weitere Verfasser: | , , , , , |
|---|---|
| Format: | Buch |
| Sprache: | Vietnamese |
| Veröffentlicht: |
H.
Văn hoá Thông tin
2003
|
| Schriftenreihe: | Nhà văn Việt Nam. Tác phẩm và dư luận
|
| Schlagworte: | |
| Tags: |
Tag hinzufügen
Keine Tags, Fügen Sie den ersten Tag hinzu!
|
| Thư viện lưu trữ: | Mạng thư viện Đại học Đà Nẵng |
|---|
| LEADER | 01622nam a22004458a 4500 | ||
|---|---|---|---|
| 001 | 000014572 | ||
| 003 | 10942 | ||
| 005 | 20120508080554.0 | ||
| 008 | 120508s2003 viesd | ||
| 020 | |c 53000đ |d 700b | ||
| 041 | 0 | |a vie | |
| 082 | |a 895.922332 |b NA-C | ||
| 084 | |a V5(1)7-4 | ||
| 084 | |b N000C | ||
| 245 | 1 | 0 | |a Nam Cao nhà văn hiện thực xuất sắc |c Phương Ngân tuyển chọn, b.s |
| 260 | |a H. |b Văn hoá Thông tin |c 2003 | ||
| 300 | |a 555tr. |c 21cm | ||
| 490 | |a Nhà văn Việt Nam. Tác phẩm và dư luận | ||
| 520 | |a Giới thiệu các bài viết của các nhà văn, nhà phê bình văn học phân tích tìm hiểu sâu kỹ về tài năng, phong cách nghệ thuật độc đáo của nhà văn hiện thực Nam Cao | ||
| 650 | 7 | |2 Bộ TK TVQG |a Nghiên cứu văn học | |
| 650 | 7 | |a Văn học hiện thực | |
| 650 | 7 | |a Tác phẩm | |
| 650 | 7 | |a Nhà văn | |
| 650 | 7 | |a Phong cách | |
| 700 | 0 | |a Nguyễn Đình Thi | |
| 700 | 0 | |a Tô Hoài | |
| 700 | 0 | |a Hà Minh Đức | |
| 700 | 0 | |a Nguyễn Đăng Mạnh | |
| 700 | 0 | |a Phong Lê | |
| 700 | 0 | |a Phương Ngân |e tuyển chọn và b.s | |
| OWN | |a LSP | ||
| AVA | |a UDN50 |b LSP |d 895.922332 NA-C |e available |t Error 5001 Not defined in file expand_doc_bib_avail. |f 2 |g 0 |h N |i 0 |k 1 | ||
| 999 | |a From the UDN01 | ||
| AVA | |a UDN50 |b LSP |d 895.922332 NA-C |e available |t Error 5001 Not defined in file expand_doc_bib_avail. |f 2 |g 0 |h N |i 0 |k 1 | ||
| TYP | |a Monograph | ||
| TYP | |a Printed language | ||
| 980 | |a Mạng thư viện Đại học Đà Nẵng | ||